Statistics for 日本の地方

Click here to take the quiz!

General Stats

  • This quiz has been taken 90 times
  • The average score is 8 of 8

Answers on the Map

Answers color-coded by a green-red scale on the quiz's map according to % correct below.
 

Answer Stats

Answer% Correct
北海道
100%
九州
99%
関東
97%
中国
96%
四国
96%
東北
96%
中部
92%
関西
86%

Score Distribution

Percentile by Number Answered

Percent of People with Each Score

Your Score History

You have not taken this quiz